000 00692nam a2200217 i 4500
001 104955
003 ES-MaACL
005 20230906183731.0
007 t|
008 060531s1974 fr ||||1| fre d
080 _a791.43(430)
080 _a929 Harlan, Veit
100 1 _aHarlan, Veit.
_961856
245 1 0 _aSouvenirs ou le cinéma allemand selon Goebbels /
_cVeit Harlan ; traduction française d'Albert Cologny.
260 _aParis :
_bFrance-Empire,
_c[1974]
300 _a380 p., [16] p. de lám. ;
_c19 cm.
500 _aBiblioteca Jacinto Martínez Lacalle.
600 1 4 _aHarlan, Veit.
_961856
650 0 0 _aCine-
_zAlemania.
_911012
852 _aES-MaACL
_jE-11291
_bR.139105
999 _c104955
_d104955